Dakwah dan tabligh : himpunan kata-kata Maulana Saad Kandahlawi yang menyimpang dari jumhur Ahli Sunnah Wal-Jamaah

Bibliographic Details
Main Author: Shahrul Nizam Salleh (Author)
Format: Book
Language:Malay
Published: Kedah : HD Press c2020
Subjects:

MARC

LEADER 00000cam a2200000 7i4500
001 0000100113
005 20230115093000.0
008 210328s2020 my may
020 |a 9789671847800 
040 |a UniSZA   |e rda 
050 0 0 |a BP170.85   |b .S53 2020 
090 0 0 |a BP170.85   |b .S53 2020 
100 0 |a Shahrul Nizam Salleh ,   |e author 
245 1 0 |a Dakwah dan tabligh :   |b himpunan kata-kata Maulana Saad Kandahlawi yang menyimpang dari jumhur Ahli Sunnah Wal-Jamaah   |c Shahrul Nizam Salleh 
264 1 |a Kedah :   |b HD Press   |c c2020 
300 |a xviii, 170 pages ;   |c 23 cm. 
336 |a text  |2 rdacontent 
337 |a unmediated  |2 rdamedia 
338 |a volume  |2 rdacarrier 
505 0 |a 1. Biodata Maulana Saad Kandahlawi -- 2. Memilih jalan selain jumhur ulama dalam mentafsirkan Al-quaran dan hadis serta melakukan ijtihad-ijtihad baru dalam urusan agama -- 3. Pendakwaan manshus {mempunyai nas yang jelas dalam Al-quran dan hadis} manshushnya tertib kerja dakwah yang sedia ada -- 4. Melakukan tahrif [mengubah] mafhum-mafhum syarak dan istilah-istilah silam -- 5. Menyempit dan mengkhususkan mafhum dan [tempat tuju] dakwah -- 6. Membentangkan keamirannya sebagai khalifah 
600 0 0 |a Kandihlawi, Muhammad Sa'd, ,   |d 1965- 
650 0 |a Da'wah (Islam) 
650 0 |a Islam   |x Missions 
999 |a 1000182370   |b Book   |c OPEN SHELF (30 DAYS)   |e Gong Badak Campus